| 000 | 00761nam a22002057a 4500 | ||
|---|---|---|---|
| 999 |
_c370078 _d370078 |
||
| 008 | 201130b ||||| |||| 00| 0 eng d | ||
| 040 |
_bger _cDE-2950 _erda _aDE-2950 |
||
| 041 | _ager | ||
| 100 | _aWaldmann, Nancy: | ||
| 245 |
_aBooßen sucht Anschluss. _bNahverkehr: Seit 25 Jahren hält in dem Ortsteil kein Zug mehr. Für die Reaktivierung des Halts sammeln Grüne und Einwohner nun neue Argumente./ |
||
| 264 | _c2021 | ||
| 653 | _aFrankfurt (Oder) | ||
| 653 | _aBooßen | ||
| 653 | _aNahverkehr | ||
| 773 |
_dFrankfurt (Oder): Märkisches Verlags- und Druckhaus GmbH & Co KG _g32. Jahrgang (2021) Nr. 177 vom 02.08.2021, S. 13: Foto _tMärkische Oderzeitung |
||
| 942 | _cA | ||